000 00674nam a2200181 i 4500
001 164044
003 ES-MaACL
005 20230906212848.0
008 980710s1900 sp |||| | spa d
040 _aAS
_bspa
_cAS
100 1 _aRovira y Rabassa, Antonio.
_9100161
245 1 3 _aLa madera y su estereotomía /
_cpor Antonio Rovira y Rabassa.
260 _aBarcelona :
_bLibrería de Alvaro Verdaguer,
_c1900 (
_fImprenta de la Casa Provincial de Caridad)
300 _a2 v. :
_bil ;
_c28 cm.
505 8 _aContiene : [texto] (390 p.) - Láminas (16 h. de lám.)
650 4 _aEstereotomía.
_9161097
852 _aES-MaACL
_jG-5987
_z-- Enc. hol.
_z-- Enc. 2 t. en 1 v.
999 _c164044
_d164044